| 000 | 00401cam a2200169ua 4500 | ||
|---|---|---|---|
| 020 | _c3.00 | ||
| 041 |
_amal _h |
||
| 082 |
_a894.8124 _bJOS/YU |
||
| 100 | _aJoseph, M.C . | ||
| 245 |
_aYukthi prakasam / _cM.C.Joseph. _hTextual Documents |
||
| 260 |
_aTrichur : _bThe Mangalodayam pvt Ltd , _c1966. |
||
| 300 | _a214 ; . | ||
| 365 | _a3.00 | ||
| 504 | _a | ||
| 942 | _cBK | ||
| 999 |
_c916 _d916 |
||